000
00306nam a2200145Ia 4500
100
_a
Casad/ Joe/ Willsey/ Bob
942
_c
BK
654
_a
computer
245
_a
T.Y. TCP/LP in 24 hours
260
_b
Techmedia
_c
1999
082
_a
4.65
_b
CAS/WIL
300
_a
348
546
_a
ENGLISH
999
_c
28044
_d
28044